Word Scramble - Books of the Bible - Statistics

General Stats
  • This quiz has been taken 120 times
  • The average score is 15 of 20
Answer Stats
Book of the Bible % Correct
1 John
100%
Job
100%
John
100%
Ruth
100%
2 Peter
97%
Exodus
96%
Ezekiel
96%
Jude
96%
3 John
95%
1 Timothy
93%
2 John
93%
Ezra
93%
Luke
93%
Acts
91%
James
91%
1 Peter
89%
Amos
89%
Joel
89%
Joshua
89%
2 Kings
88%
Jonah
88%
Judges
88%
1 Samuel
87%
Mark
87%
Philippians
87%
2 Timothy
85%
1 Kings
84%
Matthew
84%
Psalms
83%
2 Samuel
80%
Isaiah
79%
Jeremiah
77%
Hebrews
76%
1 Corinthians
75%
Daniel
75%
Micah
73%
Zechariah
73%
Esther
70%
Leviticus
70%
Genesis
69%
Hosea
69%
Haggai
68%
2 Corinthians
67%
Proverbs
67%
Zephaniah
67%
Deuteronomy
66%
Malachi
63%
Habakkuk
62%
Colossians
61%
Philemon
61%
Nahum
60%
Nehemiah
59%
Numbers
59%
Obadiah
59%
Titus
58%
Song of Songs
56%
2 Chronicles
55%
Ecclesiastes
55%
2 Thessalonians
54%
Lamentations
54%
1 Chronicles
53%
1 Thessalonians
52%
Galatians
52%
Romans
51%
Ephesians
39%
Revelation
33%
No matching quizzes found
Score Distribution
Percent of People with Each Score
Percentile by Number Answered
Your Score History
You have not taken this quiz